Online Catalogue and eLibrary

Lankika cinamawe swarnamaya yugata bindaweteema (Record no. 5154)

MARC details
000 -LEADER
fixed length control field 00442nam a2200157Ia 4500
005 - DATE AND TIME OF LATEST TRANSACTION
control field 20250703013018.0
008 - FIXED-LENGTH DATA ELEMENTS--GENERAL INFORMATION
fixed length control field 240331s9999 xx 000 0 und d
020 ## - INTERNATIONAL STANDARD BOOK NUMBER
ISBN 9555735298
082 ## - DDC Classification
Item Number - Author Mark NIH
Class No. 790
100 ## - MAIN ENTRY--PERSONAL NAME
Personal name Nihalsinghe,D.B
245 #0 - TITLE STATEMENT
Title Lankika cinamawe swarnamaya yugata bindaweteema
260 ## - PUBLICATION, DISTRIBUTION, ETC.
Place of publication, distribution, etc. Nugegoda
Name of publisher, distributor, etc. University Press
Date of publication, distribution, etc. 2007
300 ## - PHYSICAL DESCRIPTION
Extent (e.g. Volumes, Pages etc.) 185 p .,
500 ## - GENERAL NOTE
General note The Collapse of the golden era of Sri Lanka Cinema
942 ## - Koha item type (Biblio)
Koha item type Books in Stacks (Lending)
Holdings
Lost status Damaged status Collection code Home library Current library Shelving location Date acquired Full call number Accession Number Item type
    Lending WERC Library WERC Library Social Science Cupboard 03/31/2024 790 NIH 6189 Books in Stacks (Lending)

© WERC Library